Epoka Napoleona Bonaparte - Statystyki

Ogólne statystyki
  • Ten quiz został rozwiązany 19 razy
    13 od ostatniego zresetowania
  • Średni wynik to 7 z 12
Statystyki odpowiedzi
pytanie odpowiedz % Poprawnych
Skąd pochodził Napoleon? Korsyka/Francja
90%
czy Napoleon był cesarzem Francji? tak
90%
w którym roku przejął władzę we Francji? 1799
80%
kiedy odbyła się bitwa pod Austerlitz? 1805
80%
kto poślubił napoleona? Józefina
80%
kiedy został uchwalony kodeks napoleona? 1804
70%
w którym roku powstała była blokada kontynentalna? 1806
60%
Z jakiej grupy społecznej pochodził? szlachta/szlachta drobna
60%
jaką postać historyczną podziwiał Napoleon? Juliusza Cezara
50%
jakich karabinów używali francuscy żołnierze? skałkowych
20%
czym był tasak? bronią sieczną
10%
gdzie znajdował się bagnet? na karabinie/przypięty na karbin
0%
Nie znaleziono quizów pasujących do podanych kryteriów
Rozkład punktacji
Procent ludzi z każdym wynikiem
Percentyl według liczby udzielonych odpowiedzi
Twoja historia wyników
Nie rozwiązałeś tego quizu od ostatniego zresetowania